000 03440nam a2201105 a 4500
003 PE-LiUPU
005 20250813185711.0
008 240625b |||||||| |||| 00| 0 spa d
020 _a9786124097690
040 _bspa
_cPE-LiUPU
_dPE-LiUPU
_erda
082 0 4 _223
_a340.883
_bR173d
100 1 _aRamírez Chávarry, Willy,
_eautor.
_94224
245 1 0 _aDerecho romano /
_cWilly Ramírez Chávarry y Nórvil Cieza Montenegro.
264 _aLima :
_bUAP Universidad Alas Peruanas,
_c2014.
300 _a984 páginas ;
_c29.5 centímetros.
504 _aBibliografía: páginas 983-984
505 _aMARCO HISTÓRICO DEL DERECHO ROMANO -- Roma y trascendencia del derecho romano -- DIVISIÓN HISTÓRICA DEL DERECHO ROMANO -- La monarquía -- La república -- El principado o diarquía -- El imperio absoluto o dominato -- MARCO CONCEPTUAL -- Derecho romano -- NOCIÓN JURÍDICA DE PERSONA -- Concepto y clases de personas -- PERSONAS FÍSICAS O NATURALES -- Status libertatis -- Status civitatis -- Status familiae -- Capitis diminutio -- PERSONAS MORALES O JURÍDICAS -- Corporaciones o asociaciones y fundaciones -- Otras circunstancias que influyen en el derecho de las personas -- DE LAS COSAS -- Las cosas y su clasificación -- Nacimiento y existencia de los derechos -- DE LOS DERECHOS REALES -- Generalidades -- La posesión -- De la propiedad -- De las servidumbres -- Derechos reales pretorianos o imperiales -- Derechos reales de garantía -- DE LOS DERECHOS DE CRÉDITO U OBLIGACIONES -- Obligaciones -- Obligaciones nacidas de los contratos -- Los delitos -- DE LOS DERECHOS SUCESORIOS -- Derecho de sucesiones -- LAS ACCIONES Y EL PROCEDIMIENTO CIVIL ROMANO -- Acciones -- El proceso romano.
526 _aP202
526 _aP201
526 _aP163
526 _aP162
526 _aP161
526 _aP160
526 _aP148
526 _aP147
526 _aP146
526 _aP145
526 _aP144
526 _aP143
526 _aP142
526 _aP141
526 _aP140
526 _aP139
526 _aP138
526 _aP137
526 _aP136
526 _aP135
526 _aP134
526 _aP133
526 _aP129
526 _aP128
526 _aP127
526 _aP120
526 _aP119
526 _aP118
526 _aP116
526 _aP115
526 _aP114
526 _aP110
526 _aP109
526 _aP108
526 _aP104
526 _aP103
526 _aP102
526 _aP99
526 _aP98
526 _aP97
526 _aP96
526 _aP95
526 _aP93
526 _aP90
526 _aP89
526 _aP88
526 _aP83
526 _aP82
526 _aP62
526 _aP59
526 _aP58
526 _aP57
526 _aP51
526 _aP49
526 _aP48
526 _aP47
526 _aP29
526 _aP24
526 _aP20
526 _aP19
526 _aP17
526 _aP15
526 _aP14
526 _aP12
526 _aP10
526 _aP09
526 _aP08
526 _aP07
526 _aP06
526 _aP05
526 _aP04
526 _aP01
650 1 8 _aDerecho romano.
710 _aUniversidad alas Peruanas
_94225
942 _2ddc
_cBK
_n0
980 _618226
_aJaime Vilcazán Jefe de Análisis Documental
_81
_gALBERTO SANCHEZ Responsable de Automatización
999 _c62506
_d62505